000 00722nam a2200133Ia 4500
008 171212s9999 xx 000 0 und d
020 _a9780833085009
100 _aLibicki, Martin C.;Senty, David;Pollak, Julia
245 _cLibicki, Martin C.;Senty, David;Pollak, Julia
_aHackers Wanted
_bAn Examination of the Cybersecurity Labor Market
260 _bRAND Corporation
_c2014
650 _aMilitary assistance, American -- Evaluation; Security sector -- International cool. Computer crimes -- Prevention; Cyber intelligence (Computer security); Cyberspace -- Security measures; Professions -- Supply and demand; Computer hackers
650 _aPolitical Science
856 _uhttp://www.jstor.org/stable/10.7249/j.ctt7zvzmj
999 _c352127
_d352127